Все произведения русской литературы в кратком изложении: учебное пособие

Bibliografske podrobnosti
Jezik:ruščina
Izdano: Москва, Астрель, 2000
Teme:
Format: MixedMaterials Knjiga
KOHA link:https://koha.lib.tpu.ru/cgi-bin/koha/opac-detail.pl?biblionumber=68958

MARC

LEADER 00000nam0a2200000 4500
001 68958
005 20231031075257.0
010 |a 5271001970 
035 |a (RuTPU)RU\TPU\book\73427 
090 |a 68958 
100 |a 20041013d2000 еm y0rusy50020304ca 
101 0 |a rus 
102 |a RU 
105 |a y j 000ay 
200 1 |a Все произведения русской литературы в кратком изложении  |e учебное пособие 
210 |a Москва  |c Астрель  |d 2000 
215 |a 416 с. 
610 1 |a русская литература 
610 1 |a произведения 
610 1 |a краткое изложение 
610 1 |a литературоведение 
610 1 |a 11 век 
610 1 |a 12 век 
610 1 |a 13 век 
610 1 |a 14 век 
610 1 |a 15 век 
610 1 |a 16 век 
610 1 |a 17 век 
610 1 |a 18 век 
610 1 |a 19 век 
610 1 |a 20 век 
610 1 |a учебные пособия 
675 |a 8Р(07)  |v 3 
801 1 |a RU  |b 63413507  |c 20041013  |g PSBO 
801 2 |a RU  |b 63413507  |c 20041110  |g PSBO 
942 |c BK